000 00653nam a2200253Ia 4500
003 OSt
005 20221006143840.0
006 a|||||r|||| 00| 0
007 ta
008 221006b |||||||| |||| 00| 0 eng d
020 _c
_14.50
024 _a10,180
037 _cTextual
040 _aEASL
_cEASL
_beng
041 _2eng
_aeng
082 _aWx, M3
100 _aPAGE William Ed.
245 0 _aFuture of politics
_b Governance, movements and world order
260 _aLondon
_bFrances pinter
_c1983
300 _a234p.
_ccm.
490 _v Oth
942 _hWx, M3
_cTEXL
_2CC
999 _c1078266
_d1078266